| 000 | 00436nam a2200169 a 4500 | ||
|---|---|---|---|
| 005 | 20140310183216.0 | ||
| 008 | 030703s19uu xx 00 eng d | ||
| 020 | _a0-553-58378-6 | ||
| 050 |
_aAG 243 _b.G964 2002 |
||
| 245 | _aGuinness world records 2002. | ||
| 260 |
_aNew York : _bBantam Books, _c2002. |
||
| 300 |
_a512 p. : _bill. ; _c18 cm. |
||
| 650 | _aWorld records | ||
| 942 |
_cBK _2lcc |
||
| 999 |
_c20242 _d20242 |
||